MARC

LEADER 00000nab a2200000 a 4500
001 vtls000029075
003 SK-MaSNL
005 20260303203410.0
008 150430c1979 xo 0 slo
015 |a SNBRB19rr/mm-uuuuu 
035 |a CL0039169 
040 |a SNKBUCL  |b slo  |c SNKBUCL  |e AACR2 
041 0 |a slo 
044 |a xo  |c SK 
080 |a 882-3  |2 1981 
100 1 |a Lidin, Vladimir Germanovič,  |d 1894-1979  |4 aut  |9 234618 
245 1 0 |a Dom za mestom  |c Vladimír Lidin ; Jozef Cesnak 
650 0 7 |a poviedky rodinné  |2 snkbucl  |9 900847 
650 0 7 |a sovietska literatúra  |2 snkbucl  |9 22300 
655 7 |a články z novín a časopisov  |2 snkbucl  |9 267496 
655 7 |a články z odboru literárna veda a krásna literatúra  |2 snkbucl  |9 770045 
700 1 |a Cesnak, Jozef,  |d 1936-2021  |4 gup  |9 218934 
773 0 |t Nedeľná Pravda  |g Roč. 12, č. 13 (30. 3. 1979), s. /12./ 
850 |a Slovenská národná knižnica v Martine  |a MTA001 
852 |a SNK  |b KIS3GCP 
958 |a RK 
958 |a LX 
958 |a SK 
992 |a RBX 
999 |c 2185151  |d 2187081